Noms déformés de stations du métro parisien - Statistiques

Statistiques générales
  • Ce quiz a été pris 67 fois
  • Le résultat moyen est 16 sur 20
Statistiques - réponses
Faux nom Vrai nom % Correct
Gare au Lion ! Gare de Lyon
98%
Saint Supplice Saint-Sulpice
95%
Chalet Châtelet
92%
Troquet des zéros Trocadéro
89%
Mon rat beau Mirabeau
87%
Pique puce Picpus
87%
Quai de la Ratée Quai de la Rapée
87%
Mais Yves Montant Ménilmontant
84%
Criée Crimée
82%
Chemin Violet Chemin Vert
79%
A l'envers Anvers
77%
Duplex Dupleix
77%
Concours Goncourt
77%
Sent l'acide Saint-Placide
77%
Allez là ! Alésia
69%
Jordan Jourdain
67%
Simple Simplon
66%
Saint-Philippe qui roule Saint-Philippe-du-Roule
64%
Lumière Laumière
62%
Corentin Caillou Corentin Cariou
61%
Aucun quiz correspondant
Distribution des résultats
% des personnes avec chaque résultat
Percentile par nombre de réponses
Votre historique - résultats
Vous n’avez pas pris ce quiz